[Event "22nd ch-EUR Indiv 2022"]
[Site "Terme Catez SLO"]
[Date "2022.03.27"]
[Round "1.23"]
[White "Kalogeris, Ioannis"]
[Black "Petrosyan, Manuel"]
[Result "1/2-1/2"]
[WhiteTitle "FM"]
[BlackTitle "GM"]
[WhiteElo "2368"]
[BlackElo "2637"]
[WhiteFideId "4239563"]
[BlackFideId "13300857"]
[EventDate "2022.03.27"]

1. e4 e5 2. Nf3 Nc6 3. Bb5 a6 4. Ba4 Nf6 5. O-O Be7 6. Bxc6 dxc6 7. d3 Nd7 8.
Nbd2 c5 9. Nc4 f6 10. Nh4 O-O 11. Nf5 Nb6 12. Nce3 g6 13. Nxe7+ Qxe7 14. b3 Be6
15. f4 Qd6 16. fxe5 fxe5 17. Bb2 Nd7 18. Qd2 b5 19. c4 c6 20. Rad1 1/2-1/2

[Event "22nd ch-EUR Indiv 2022"]
[Site "Terme Catez SLO"]
[Date "2022.03.27"]
[Round "1.24"]
[White "Svane, Rasmus"]
[Black "Richter, Nils"]
[Result "1-0"]
[WhiteTitle "GM"]
[BlackTitle "FM"]
[WhiteElo "2637"]
[BlackElo "2365"]
[WhiteFideId "4657101"]
[BlackFideId "12990809"]
[EventDate "2022.03.27"]

1. d4 Nf6 2. Nf3 d5 3. c4 e6 4. g3 Be7 5. Bg2 O-O 6. O-O dxc4 7. Qa4 b6 8. Bg5
Bb7 9. Qxc4 Nbd7 10. Rd1 Qc8 11. Nc3 c5 12. Rac1 h6 13. Bxf6 Nxf6 14. dxc5 Qxc5
15. Qxc5 Bxc5 16. Na4 Rac8 17. Ne5 Bd5 18. Bxd5 exd5 19. Nd3 Bd6 20. Nc3 Rfe8
21. Kf1 Kf8 22. Nb5 Bb8 23. Nb4 Rc4 24. Rxc4 dxc4 25. Rc1 Ne4 26. f3 Nd6 27.
Nxd6 Bxd6 28. Nc6 Be5 29. Nxe5 Rxe5 30. Rxc4 Ra5 31. a3 g6 32. e4 Rb5 33. b4 a5
34. Ke2 axb4 35. axb4 Ke7 36. Kd3 Kd7 37. Kd4 Rh5 38. Rc2 Rb5 39. Kc4 Re5 40.
Kd4 Re6 41. Ra2 Rd6+ 42. Kc4 g5 43. Ra3 Kc6 44. b5+ Kb7 45. Rd3 Rf6 46. Kd5 Re6
47. e5 Kc7 48. Ra3 Kd7 49. Ra7+ Ke8 50. Rc7 h5 51. Rc6 Kd7 52. f4 1-0

[Event "22nd ch-EUR Indiv 2022"]
[Site "Terme Catez SLO"]
[Date "2022.03.27"]
[Round "1.25"]
[White "Giannoulakis, Lampros"]
[Black "Donchenko, Alexander"]
[Result "0-1"]
[WhiteTitle "FM"]
[BlackTitle "GM"]
[WhiteElo "2362"]
[BlackElo "2636"]
[WhiteFideId "4247019"]
[BlackFideId "24603295"]
[EventDate "2022.03.27"]

1. d4 Nf6 2. c4 e6 3. Nc3 Bb4 4. Qb3 c5 5. Nf3 Nc6 6. dxc5 Ne4 7. Bd2 Nxd2 8.
Nxd2 Bxc5 9. e3 O-O 10. Be2 b6 11. O-O Bb7 12. Nde4 Be7 13. Rfd1 Na5 14. Qa4 Bc6
15. Qc2 Qc7 16. Qd2 Rad8 17. Nd6 Qb8 18. Bf1 Nb7 19. Ncb5 Nxd6 20. Nxd6 f5 21.
a4 Rf6 22. b4 Qa8 23. g3 a5 24. bxa5 bxa5 25. c5 h5 26. Qd4 Rg6 27. Rab1 h4 28.
Bc4 hxg3 29. fxg3 Rg4 30. Qd3 Bxd6 31. cxd6 Be4 32. Qb3 Bxb1 33. Rxb1 Qc6 34.
Bxe6+ dxe6 35. Qxe6+ Kh8 36. Qxf5 Qe4 37. Qh5+ Qh7 38. Qb5 Rg6 39. Rd1 Qh6 40.
d7 Qxe3+ 41. Kg2 Re6 42. Qh5+ Kg8 0-1

[Event "22nd ch-EUR Indiv 2022"]
[Site "Terme Catez SLO"]
[Date "2022.03.27"]
[Round "1.26"]
[White "Ponomariov, Ruslan"]
[Black "Lenaerts, Lennert"]
[Result "1/2-1/2"]
[WhiteTitle "GM"]
[BlackTitle "FM"]
[WhiteElo "2636"]
[BlackElo "2361"]
[WhiteFideId "14103320"]
[BlackFideId "211435"]
[EventDate "2022.03.27"]

1. c4 e5 2. g3 Nf6 3. Bg2 h6 4. a3 c6 5. d4 exd4 6. Qxd4 d5 7. cxd5 cxd5 8. Nf3
Nc6 9. Qd3 Be7 10. O-O Ne4 11. Nc3 Nxc3 12. Qxc3 O-O 13. Be3 Bf6 14. Nd4 Bg4 15.
Rfe1 Re8 16. Qd2 Nxd4 17. Bxd4 Bxd4 18. Qxd4 Bxe2 19. Qxd5 Qxd5 20. Bxd5 Ba6 21.
b4 Rxe1+ 22. Rxe1 Rd8 23. Bf3 Kf8 24. Rc1 Rd3 25. Be2 Rb3 26. Bxa6 bxa6 27. Rc8+
Ke7 28. Rc7+ Ke8 29. Rxa7 Rxa3 30. b5 a5 31. Kg2 g5 32. b6 Rb3 33. b7 Kd8 34.
Rxa5 Rxb7 35. Ra6 h5 36. Rh6 h4 37. gxh4 gxh4 38. Rxh4 Ke7 39. Rg4 Kf6 40. h4
Rb3 41. f3 Rb2+ 42. Kg3 Rb1 43. Ra4 Kg6 44. Ra6+ f6 45. Ra5 Rh1 46. Ra8 Rb1 47.
Rg8+ Kf5 48. Rg4 Rg1+ 49. Kh3 Rxg4 50. fxg4+ Kf4 51. h5 Kg5 52. Kg3 f5 53. gxf5
Kxf5 54. h6 Kg6 55. h7 Kxh7 1/2-1/2

[Event "22nd ch-EUR Indiv 2022"]
[Site "Terme Catez SLO"]
[Date "2022.03.27"]
[Round "1.27"]
[White "Alienkin, Aleksander"]
[Black "Kollars, Dmitrij"]
[Result "0-1"]
[WhiteTitle "IM"]
[BlackTitle "GM"]
[WhiteElo "2361"]
[BlackElo "2635"]
[WhiteFideId "4156765"]
[BlackFideId "12909572"]
[EventDate "2022.03.27"]

1. d4 Nf6 2. c4 e6 3. Nf3 d5 4. Bg5 dxc4 5. Qa4+ Nbd7 6. Bxf6 Qxf6 7. Qxc4 Bd6
8. Nc3 O-O 9. g3 e5 10. Ne4 Qe7 11. Nxd6 cxd6 12. Bg2 Nb6 13. Qc2 e4 14. Nd2 d5
15. Qb3 Bg4 16. h3 Bh5 17. g4 Bg6 18. O-O f5 19. gxf5 Bxf5 20. Rac1 Rf6 21. Rc3
Rg6 22. Rd1 Bd7 23. Qc2 Qh4 24. Nf1 Bxh3 25. Ng3 Rf8 26. b3 Rh6 27. Bh1 Bg4 28.
Bg2 Qh2+ 29. Kf1 Bh3 0-1

[Event "22nd ch-EUR Indiv 2022"]
[Site "Terme Catez SLO"]
[Date "2022.03.27"]
[Round "1.28"]
[White "Martirosyan, Haik M."]
[Black "O'Gorman, Tom"]
[Result "1-0"]
[WhiteTitle "GM"]
[BlackTitle "FM"]
[WhiteElo "2633"]
[BlackElo "2357"]
[WhiteFideId "13306553"]
[BlackFideId "2508249"]
[EventDate "2022.03.27"]

1. d4 Nf6 2. c4 g6 3. Nf3 Bg7 4. g3 O-O 5. Bg2 d6 6. O-O Nc6 7. Nc3 e5 8. h3
Nxd4 9. Nxd4 exd4 10. Qxd4 Nd7 11. Qd2 Nc5 12. b3 c6 13. Bb2 a5 14. Rac1 Be6 15.
Ba3 Qc7 16. Rfd1 Rfd8 17. e4 Qe7 18. Qe3 a4 19. b4 Nd7 20. Nd5 Qf8 21. Nc7 Bh6
22. f4 Rac8 23. b5 c5 24. Nxe6 fxe6 25. e5 dxe5 26. Bxb7 Rc7 27. Bg2 Qf6 28. Bb2
a3 29. Qxa3 Qe7 30. b6 Rcc8 31. b7 Rb8 32. Qc3 Bg7 33. a4 Nb6 34. Qb3 Nxa4 35.
Qxa4 exf4 36. Bxg7 Qxg7 37. gxf4 Qb2 38. Qa1 Qe2 39. Rxd8+ Rxd8 40. Qe5 1-0

[Event "22nd ch-EUR Indiv 2022"]
[Site "Terme Catez SLO"]
[Date "2022.03.27"]
[Round "1.29"]
[White "Szwed, Jacek"]
[Black "Ter-Sahakyan, Samvel"]
[Result "0-1"]
[WhiteTitle "FM"]
[BlackTitle "GM"]
[WhiteElo "2357"]
[BlackElo "2632"]
[WhiteFideId "1126431"]
[BlackFideId "13302531"]
[EventDate "2022.03.27"]

1. e4 c5 2. Nf3 d6 3. Bb5+ Nd7 4. d4 cxd4 5. Qxd4 a6 6. Bxd7+ Bxd7 7. O-O Nf6 8.
Bg5 e6 9. Nbd2 Bc6 10. Nc4 h6 11. Bh4 Bxe4 12. Bxf6 Qxf6 13. Qxe4 d5 14. Qe2
dxc4 15. Qxc4 Be7 16. Qa4+ b5 17. Qe4 O-O 18. Ne5 Rfd8 19. Nc6 Rd5 20. Rad1 Bf8
21. c3 Rc8 22. Nb4 Bxb4 23. Qxb4 Rc4 24. Qb3 Rg5 25. Rd3 h5 26. Qd1 g6 27. h3
Kg7 28. Qe2 Re5 29. Re3 Rf5 30. Rd1 Rcf4 31. f3 Qe7 32. Re4 Qc5+ 33. Kh1 Rxe4
34. Qxe4 Re5 35. Qd4 Qxd4 36. Rxd4 Re2 37. Rb4 g5 38. h4 gxh4 39. Kh2 Kg6 40. a4
bxa4 41. Rxa4 Rxb2 42. Rxa6 Rc2 43. Rc6 Rc1 44. Rc8 Kg5 45. Rf8 f6 46. Re8 e5
47. Rc8 f5 48. Rc4 Re1 49. Ra4 Re3 50. Rc4 Rd3 51. Kg1 h3 52. gxh3 Rxf3 53. h4+
Kf6 54. Rc6+ Ke7 55. Rh6 Rxc3 56. Rxh5 Ke6 57. Kg2 f4 58. Rg5 e4 59. h5 Rc2+ 60.
Kg1 e3 61. h6 Rc1+ 62. Kg2 e2 63. h7 e1=Q 64. Rg6+ Kd5 0-1

[Event "22nd ch-EUR Indiv 2022"]
[Site "Terme Catez SLO"]
[Date "2022.03.27"]
[Round "1.30"]
[White "Abasov, Nijat"]
[Black "Kenneskog, Theodor"]
[Result "1-0"]
[WhiteTitle "GM"]
[BlackTitle "FM"]
[WhiteElo "2630"]
[BlackElo "2354"]
[WhiteFideId "13402960"]
[BlackFideId "1715011"]
[EventDate "2022.03.27"]

1. c4 c5 2. g3 g6 3. Bg2 Bg7 4. Nc3 Nc6 5. d3 d6 6. Qd2 e5 7. e3 Nge7 8. Nge2
O-O 9. b3 Be6 10. Nd5 e4 11. Bb2 Bxb2 12. Qxb2 Bxd5 13. cxd5 Nb4 14. Bxe4 f5 15.
a3 fxe4 16. axb4 Nxd5 17. dxe4 Nxb4 18. O-O Qf6 19. Qd2 a6 20. Nf4 Qe5 21. Rad1
Rad8 22. f3 Rf7 23. Nd3 Nxd3 24. Qxd3 Qe6 25. Qc2 d5 26. Qxc5 Rfd7 27. b4 dxe4
28. Rxd7 Qxd7 29. fxe4 Re8 30. Kg2 Qe7 31. Qd5+ Kh8 32. Qd4+ Kg8 33. Rf4 Qe5 34.
h4 Kg7 35. g4 Kg8 36. Kf3 Qe7 37. g5 Qe6 38. Qd5 Kg7 39. Qxb7+ Re7 40. Qd5 Qh3+
41. Ke2 Qc8 42. Kf2 Qe6 43. Qd4+ Kg8 44. Qc5 Kg7 45. Ke2 Qa2+ 46. Kf3 Qe6 47.
Qd4+ Kg8 48. Qd8+ Re8 49. Qd5 Kg7 50. Ke2 Re7 51. Qd4+ Kg8 52. Qd8+ Re8 53. Qd5
Kg7 54. Kd3 Re7 55. Qd4+ Kg8 56. Qd8+ Re8 57. Qd5 Kg7 58. Rf6 Qe7 59. Rd6 1-0

[Event "22nd ch-EUR Indiv 2022"]
[Site "Terme Catez SLO"]
[Date "2022.03.27"]
[Round "1.31"]
[White "Langheinrich, Ferenc"]
[Black "Moussard, Jules"]
[Result "0-1"]
[WhiteTitle "IM"]
[BlackTitle "GM"]
[WhiteElo "2351"]
[BlackElo "2630"]
[WhiteFideId "4641973"]
[BlackFideId "642908"]
[EventDate "2022.03.27"]

1. e4 c5 2. Nc3 a6 3. g3 Nc6 4. Bg2 Nf6 5. Nge2 d6 6. d4 cxd4 7. Nxd4 Bd7 8.
Nxc6 Bxc6 9. Nd5 e6 10. Qe2 Rc8 11. c4 Bd7 12. Nxf6+ Qxf6 13. O-O Qd4 14. e5
Qxc4 15. Qxc4 Rxc4 16. Bxb7 Bb5 17. a4 Rxa4 18. Rxa4 Bxa4 19. Bxa6 dxe5 20. Be3
Kd7 21. Ra1 Bc6 22. Bf1 Bb4 23. Ra7+ Kd6 24. Rxf7 Ra8 25. Ra7 Rxa7 26. Bxa7 Bf3
27. Bb8+ Kd5 28. b3 Kd4 29. Bb5 g6 30. Kf1 Bd5 31. Ba4 Bf3 32. Bb5 Bd5 33. Ba4
e4 34. Bf4 Kd3 35. h4 Bc5 36. Bb5+ Kc3 37. Ke2 Kxb3 38. Bd2 Bd4 39. Be1 Bc4+ 40.
Bxc4+ Kxc4 41. Bd2 h5 42. Bc1 e5 43. Bd2 Bc5 44. Bc1 Kd5 45. Bd2 Ke6 46. Bh6 Kf5
47. Kf1 Bb6 48. Kg2 Bd8 49. Be3 Be7 50. Bb6 Bb4 51. Be3 Bf8 52. Bb6 Bh6 53. Ba7
Bc1 54. Bb6 Kg4 55. Bc7 Bb2 56. Ba5 Bd4 57. Bd2 Bc5 58. Bc1 Bb6 59. Bh6 Bc5 60.
Bg7 e3 61. fxe3 e4 0-1

[Event "22nd ch-EUR Indiv 2022"]
[Site "Terme Catez SLO"]
[Date "2022.03.27"]
[Round "1.32"]
[White "Durarbayli, Vasif"]
[Black "Milikow, Yoav"]
[Result "1-0"]
[WhiteTitle "GM"]
[BlackTitle "FM"]
[WhiteElo "2628"]
[BlackElo "2349"]
[WhiteFideId "13402935"]
[BlackFideId "2822237"]
[EventDate "2022.03.27"]

1. e4 e5 2. Nf3 Nc6 3. Bb5 Nf6 4. d3 Bc5 5. Bxc6 dxc6 6. O-O Qe7 7. Nbd2 Bg4 8.
h3 Bh5 9. a3 Nd7 10. b4 Bd6 11. Nc4 Nb6 12. Ne3 f6 13. c4 c5 14. Nf5 Qf8 15. Be3
Nd7 16. Rb1 cxb4 17. axb4 Bxb4 18. Rxb4 Bxf3 19. Qa4 Be2 20. Rxb7 Bxf1 21. Rxc7
Rd8 22. Qc6 1-0

[Event "22nd ch-EUR Indiv 2022"]
[Site "Terme Catez SLO"]
[Date "2022.03.27"]
[Round "1.33"]
[White "Unuk, Laura"]
[Black "Fridman, Daniel"]
[Result "1/2-1/2"]
[WhiteTitle "IM"]
[BlackTitle "GM"]
[WhiteElo "2346"]
[BlackElo "2628"]
[WhiteFideId "14609215"]
[BlackFideId "11600454"]
[EventDate "2022.03.27"]

1. e4 e6 2. d4 d5 3. Nc3 Nf6 4. e5 Nfd7 5. f4 c5 6. Nf3 a6 7. Be3 Qb6 8. Na4
Qa5+ 9. c3 cxd4 10. b4 Qc7 11. Qxd4 Be7 12. Qd2 O-O 13. Bd3 Nc6 14. O-O b5 15.
Nb2 f6 16. Qc2 f5 17. a4 bxa4 18. Nxa4 Bb7 19. Qe2 Kh8 20. Ra2 Rg8 1/2-1/2

[Event "22nd ch-EUR Indiv 2022"]
[Site "Terme Catez SLO"]
[Date "2022.03.27"]
[Round "1.34"]
[White "Lagarde, Maxime"]
[Black "Bilych, Olexiy"]
[Result "0-1"]
[WhiteTitle "GM"]
[BlackTitle "FM"]
[WhiteElo "2626"]
[BlackElo "2342"]
[WhiteFideId "662399"]
[BlackFideId "14156504"]
[EventDate "2022.03.27"]

1. e4 e5 2. Nf3 Nc6 3. Bb5 Nf6 4. d3 Bc5 5. Bxc6 dxc6 6. Nbd2 Qe7 7. Nc4 Nd7 8.
Qe2 a5 9. a4 b6 10. O-O O-O 11. b3 Re8 12. Bb2 f6 13. Nh4 Nf8 14. Nf5 Qf7 15. g3
Bxf5 16. exf5 Bd4 17. Bxd4 exd4 18. Qg4 Qd5 19. Rfe1 Nd7 20. Re4 Rxe4 21. Qxe4
Qxe4 22. dxe4 Nc5 23. f3 d3 24. cxd3 Rd8 25. Nb2 Nxb3 26. Ra3 Nc5 27. Kf2 Rd4
28. Ke3 Rb4 29. d4 Rxb2 30. dxc5 Kf8 31. f4 Ke7 32. e5 g6 33. g4 Rxh2 34. Ra1 h5
35. cxb6 cxb6 36. fxg6 hxg4 37. Rd1 fxe5 38. f5 Rh5 39. Ke4 g3 40. Kxe5 g2 41.
Rb1 Rg5 0-1

[Event "22nd ch-EUR Indiv 2022"]
[Site "Terme Catez SLO"]
[Date "2022.03.27"]
[Round "1.35"]
[White "Pasztor, Balazs"]
[Black "Yilmaz, Mustafa"]
[Result "1/2-1/2"]
[WhiteTitle "FM"]
[BlackTitle "GM"]
[WhiteElo "2338"]
[BlackElo "2624"]
[WhiteFideId "774723"]
[BlackFideId "6302718"]
[EventDate "2022.03.27"]

1. e4 c5 2. Nf3 d6 3. d4 cxd4 4. Nxd4 Nf6 5. f3 e5 6. Nb3 d5 7. Bg5 d4 8. c3 Nc6
9. cxd4 Bb4+ 10. Bd2 Nxe4 11. Bxb4 Qh4+ 12. g3 Nxg3 13. hxg3 Qxh1 14. Ba3 Bh3
15. N1d2 O-O-O 16. Qc2 Bxf1 17. O-O-O Qh6 18. Rxf1 exd4 19. Nc5 Qg6 20. Qxg6
hxg6 21. Nd3 Kc7 22. Ne4 Rd5 23. Rf2 b6 24. Kd2 Rdh5 25. g4 Rd5 26. Re2 g5 27.
Rg2 Nd8 28. Nb4 Ra5 29. Nd3 Rd5 30. Nb4 Ra5 31. Nd3 Kd7 32. Re2 Rh3 33. f4 gxf4
34. Nxf4 Rf3 35. Rf2 Rxf2+ 36. Nxf2 Nc6 37. Kd3 Rg5 38. N4h3 Ra5 39. Nf4 b5 40.
Nd5 Ra4 41. Bf8 Rxa2 42. Kc2 g6 43. Kb1 Ra5 44. Nd3 b4 45. N5xb4 Ne5 46. Nxe5+
Rxe5 47. Bg7 Re1+ 48. Kc2 Re2+ 49. Kb3 Re3+ 50. Kc4 Rg3 51. Nd3 Ke6 52. Nc5+ Ke7
53. Bf6+ Ke8 54. g5 Rg4 55. Nb3 Rg2 56. Nxd4 Rxb2 57. Nb5 Rc2+ 58. Kb3 Rf2 59.
Nxa7 Kd7 60. Nb5 Rxf6 61. gxf6 Ke6 62. Kc4 Kxf6 63. Kd3 Kg5 64. Ke3 Kg4 65. Nd4
Kg3 66. Ne2+ Kh4 67. Kf4 f6 68. Nd4 g5+ 69. Kf5 g4 70. Kxf6 g3 71. Nf5+ Kh3 72.
Nxg3 Kxg3 1/2-1/2

[Event "22nd ch-EUR Indiv 2022"]
[Site "Terme Catez SLO"]
[Date "2022.03.27"]
[Round "1.36"]
[White "Nguyen, Thai Dai Van"]
[Black "Gaal, Zsoka"]
[Result "1-0"]
[WhiteTitle "GM"]
[BlackTitle "WIM"]
[WhiteElo "2623"]
[BlackElo "2336"]
[WhiteFideId "358878"]
[BlackFideId "777765"]
[EventDate "2022.03.27"]

1. c4 Nf6 2. Nc3 c5 3. g3 g6 4. Bg2 Bg7 5. e3 e6 6. d4 cxd4 7. exd4 d5 8. b3 O-O
9. Nge2 Nc6 10. O-O Re8 11. Re1 b6 12. Bg5 Ne7 13. Nf4 Bb7 14. Rc1 Qd7 15. Nd3
h6 16. Ne5 Qd8 17. Bf4 Rc8 18. h4 Nf5 19. Nb5 Nh5 20. Bd2 a6 21. Nc3 Nxd4 22.
Ng4 Nf5 23. cxd5 exd5 24. Rxe8+ Qxe8 25. Nxd5 Rd8 26. Nc7 Qd7 27. Bxb7 Qxd2 28.
Nd5 Qxd1+ 29. Rxd1 Kf8 30. Bxa6 Bd4 31. Nde3 Nxe3 32. Nxe3 Ke7 33. Re1 Kf8 34.
Bb5 Bc5 35. Re2 f5 36. Kg2 f4 37. Ng4 Kg7 38. Ne5 fxg3 39. fxg3 Rd1 40. Nf3 Bd6
41. Re6 Bxg3 42. Rxb6 Bd6 43. Rc6 Bf4 44. a4 g5 45. hxg5 hxg5 46. Be2 Rb1 47.
Nd4 Rb2 48. Kf3 Kf7 49. Bc4+ Kf8 50. Nf5 Ke8 51. Be6 Rd2 52. Rc8+ Rd8 53. Bf7+ 1-0

[Event "22nd ch-EUR Indiv 2022"]
[Site "Terme Catez SLO"]
[Date "2022.03.27"]
[Round "1.37"]
[White "Levin, Guy"]
[Black "Kozul, Zdenko"]
[Result "0-1"]
[WhiteTitle "FM"]
[BlackTitle "GM"]
[WhiteElo "2332"]
[BlackElo "2619"]
[WhiteFideId "2824213"]
[BlackFideId "14502879"]
[EventDate "2022.03.27"]

1. Nf3 Nf6 2. g3 g6 3. Bg2 Bg7 4. d4 d5 5. O-O O-O 6. c4 c6 7. a4 a5 8. cxd5
cxd5 9. Qb3 Nc6 10. Nc3 e6 11. Bf4 h6 12. Nb5 Ne8 13. h4 f6 14. Rfd1 g5 15. Be3
Rf7 16. Bh3 Bf8 17. Rac1 Rg7 18. hxg5 hxg5 19. Bg2 Nd6 20. Nxd6 Bxd6 21. Rc3 Bd7
22. Qa2 Nb4 23. Qa1 Qe8 24. b3 Qh5 25. Bc1 Rh7 26. Ba3 Bc6 27. Bxb4 Bxb4 28. Rc2
g4 29. Ne1 Kf7 30. Kf1 Rah8 31. e3 Qf5 32. Qb1 Bxe1 33. Rxe1 Qf3 34. Bxf3 gxf3
35. Kg1 Rh1# 0-1

[Event "22nd ch-EUR Indiv 2022"]
[Site "Terme Catez SLO"]
[Date "2022.03.27"]
[Round "1.38"]
[White "Bartel, Mateusz"]
[Black "Ortega Ruiz, Jose Miguel"]
[Result "1-0"]
[WhiteTitle "GM"]
[BlackTitle "FM"]
[WhiteElo "2616"]
[BlackElo "2331"]
[WhiteFideId "1112635"]
[BlackFideId "2209713"]
[EventDate "2022.03.27"]

1. c4 e5 2. g3 Nf6 3. Bg2 d5 4. cxd5 Nxd5 5. Nc3 Nb6 6. e3 Nc6 7. Nge2 h5 8. d4
h4 9. d5 Ne7 10. a4 Nc4 11. a5 Nd6 12. e4 Ng6 13. Qd3 a6 14. Be3 Bd7 15. O-O Be7
16. f4 Bf6 17. f5 Nf8 18. g4 Nh7 19. Nc1 Bg5 20. Bc5 Qf6 21. h3 O-O 22. Nb3 Rfd8
23. Nd2 Bb5 24. Nxb5 Nxb5 25. Nf3 c6 26. Nxg5 Nxg5 27. Be3 cxd5 28. exd5 e4 29.
Qd2 Nf3+ 30. Bxf3 exf3 31. Bg5 Qe5 32. Bxd8 Qg3+ 33. Kh1 Rxd8 34. Qh2 Nd4 35.
Rad1 Ne2 36. Rd3 Rc8 37. Rdxf3 Rc2 38. d6 Kf8 39. d7 Ke7 40. Rxg3 Nxg3+ 41. Kg1
Rxh2 42. d8=Q+ 1-0

[Event "22nd ch-EUR Indiv 2022"]
[Site "Terme Catez SLO"]
[Date "2022.03.27"]
[Round "1.39"]
[White "Roebers, Eline"]
[Black "Vocaturo, Daniele"]
[Result "0-1"]
[BlackTitle "GM"]
[WhiteElo "2331"]
[BlackElo "2614"]
[WhiteFideId "1058401"]
[BlackFideId "813192"]
[EventDate "2022.03.27"]

1. e4 e5 2. Nf3 Nc6 3. Bc4 Bc5 4. c3 Nf6 5. d4 exd4 6. cxd4 Bb4+ 7. Nbd2 d5 8.
exd5 Nxd5 9. O-O O-O 10. a3 Bxd2 11. Bxd2 Be6 12. Re1 Qd6 13. Qb3 h6 14. Re4
Rad8 15. Rae1 Bf5 16. Rh4 Nb6 17. Bb5 Qd5 18. Qxd5 Nxd5 19. Bxc6 bxc6 20. Ne5
Rd6 21. g4 Bc8 22. f4 Re8 23. f5 Nb6 24. Be3 f6 25. Nd3 c5 26. Nxc5 Rxd4 27.
Bxd4 Rxe1+ 28. Kf2 Rd1 29. Bc3 Nc4 30. Rh3 Nxb2 31. Bxb2 Rd2+ 32. Ke1 Rxb2 33.
Rd3 Rc2 34. Rd8+ Kf7 35. Nd3 Ba6 36. Nf4 Bb5 37. Ng6 Re2+ 38. Kd1 Re8 39. Rd4 c5
40. Rf4 Re2 41. Rf3 Re4 42. Nf4 Bc6 43. Rf2 Re3 0-1

[Event "22nd ch-EUR Indiv 2022"]
[Site "Terme Catez SLO"]
[Date "2022.03.27"]
[Round "1.40"]
[White "Ivic, Velimir"]
[Black "Bethke, Richard"]
[Result "1-0"]
[WhiteTitle "GM"]
[BlackTitle "FM"]
[WhiteElo "2610"]
[BlackElo "2327"]
[WhiteFideId "950122"]
[BlackFideId "12959243"]
[EventDate "2022.03.27"]

1. d4 d5 2. c4 e6 3. Nc3 Nf6 4. cxd5 exd5 5. Bg5 c6 6. e3 Be7 7. Bd3 Nbd7 8. Nf3
Ne4 9. Bf4 f5 10. h3 Ndf6 11. Qc2 Be6 12. O-O O-O 13. Ne2 Kh8 14. Bh2 Nd7 15. a3
Bd6 16. Bxd6 Nxd6 17. Ne5 Qe7 18. Nf4 Rf6 19. Rae1 Rh6 20. f3 Bf7 21. Nxd7 Qxd7
22. Qf2 Re8 23. Bb1 Qe7 24. b3 Rf6 25. Nd3 Be6 26. Qb2 Bc8 27. a4 g6 28. Qd2 Kg7
29. Ne5 Nf7 30. f4 Nd6 31. Bd3 Qd8 32. Rc1 Rfe6 33. b4 Nf7 34. b5 Bd7 35. Qb4
R8e7 36. bxc6 Bxc6 37. a5 Rc7 38. Rc3 Nxe5 39. dxe5 Rd7 40. a6 bxa6 41. Rfc1 Bb7
42. Qd4 h5 43. Rb3 a5 44. Rcb1 Bc6 45. Rb8 Qe7 46. Ba6 Rc7 47. Rc1 Qd7 48. Qc5
Re7 49. Qd6 Rf7 50. Bc8 Rxc8 51. Rxc8 Qxc8 52. Rxc6 Qd7 53. Qxg6+ 1-0

[Event "22nd ch-EUR Indiv 2022"]
[Site "Terme Catez SLO"]
[Date "2022.03.27"]
[Round "1.41"]
[White "Dordzhieva, Dinara"]
[Black "Brkic, Ante"]
[Result "1/2-1/2"]
[WhiteTitle "WGM"]
[BlackTitle "GM"]
[WhiteElo "2325"]
[BlackElo "2607"]
[WhiteFideId "24157570"]
[BlackFideId "14506688"]
[EventDate "2022.03.27"]

1. d4 Nf6 2. c4 e6 3. Nf3 d5 4. g3 Bb4+ 5. Bd2 Be7 6. Bg2 O-O 7. Qc2 Nbd7 8. O-O
c6 9. a3 a5 10. Bf4 b6 11. cxd5 cxd5 12. Rc1 Ba6 13. Nc3 Rc8 14. Qd1 h6 15. h3
Nh5 16. Bd2 Nhf6 17. Bf4 b5 18. a4 b4 19. Nb5 Qb6 20. Bc7 Qb7 21. Nd6 Bxd6 22.
Bxd6 Rfe8 23. Ne5 Qb6 24. Nxd7 Nxd7 25. Bf4 Rc4 26. b3 Rc3 27. Bd2 Rcc8 28. e3
Nf6 29. f3 Nd7 30. Rxc8 Rxc8 31. Rc1 Rc6 32. Bf1 Bxf1 33. Qxf1 e5 34. dxe5 Nxe5
35. f4 Nd7 36. Qd3 Rxc1+ 37. Bxc1 Qg6 38. Qxd5 Qxg3+ 39. Kf1 Qxh3+ 40. Ke2 Qg4+
41. Kd2 h5 42. Bb2 h4 43. f5 Nf8 44. Be5 Qxf5 45. Qxa5 h3 46. Qc7 Ne6 47. Qd6 f6
48. Bh2 Nc5 49. Qb8+ Kh7 50. Qxb4 Qd3+ 51. Kc1 Qxe3+ 52. Kd1 Qf3+ 53. Kc2 Qd3+
54. Kb2 Ne4 55. a5 f5 56. Ka3 Qd1 57. Qf8 Qa1+ 58. Kb4 Qc3+ 59. Ka4 Nc5+ 60. Kb5
Qxb3+ 61. Kc6 Qf3+ 62. Kb5 Qd3+ 63. Kc6 Ne6 64. Qe8 Nd4+ 65. Kb7 Qb3+ 66. Kc7
Qc4+ 67. Kb6 Qb4+ 68. Ka6 Qc4+ 69. Kb6 Qb3+ 70. Ka6 Qd3+ 71. Kb6 Qb1+ 72. Ka6
Qd1 73. Kb6 Nb3 74. a6 Qd4+ 75. Kb5 Qd3+ 76. Kb4 Qxa6 77. Qh5+ Kg8 78. Qe8+ Kh7
79. Qh5+ Qh6 80. Qxf5+ Kg8 81. Qc8+ Kf7 82. Qd7+ Kg8 83. Qc8+ Kh7 84. Qf5+ 1/2-1/2

[Event "22nd ch-EUR Indiv 2022"]
[Site "Terme Catez SLO"]
[Date "2022.03.27"]
[Round "1.42"]
[White "Erdos, Viktor"]
[Black "Kanyamarala, Tarun"]
[Result "1/2-1/2"]
[WhiteTitle "GM"]
[BlackTitle "FM"]
[WhiteElo "2607"]
[BlackElo "2325"]
[WhiteFideId "719978"]
[BlackFideId "45004714"]
[EventDate "2022.03.27"]

1. e4 c5 2. Nf3 Nc6 3. Bb5 g6 4. O-O Bg7 5. c3 e5 6. d4 cxd4 7. cxd4 exd4 8. Bf4
Nge7 9. Bd6 a6 10. Qa4 Ra7 11. Bd3 b5 12. Qc2 Bb7 13. a4 bxa4 14. Rxa4 Nc8 15.
Bc5 Nb6 16. Nxd4 1/2-1/2

[Event "22nd ch-EUR Indiv 2022"]
[Site "Terme Catez SLO"]
[Date "2022.03.27"]
[Round "1.43"]
[White "Sorm, Daniel"]
[Black "Bernadskiy, Vitaliy"]
[Result "0-1"]
[WhiteTitle "FM"]
[BlackTitle "GM"]
[WhiteElo "2323"]
[BlackElo "2606"]
[WhiteFideId "5400139"]
[BlackFideId "14100371"]
[EventDate "2022.03.27"]

1. d4 d5 2. c4 c6 3. Nf3 e6 4. e3 Nd7 5. b3 Ngf6 6. Bd3 b6 7. O-O Bb7 8. Nbd2
Be7 9. Bb2 O-O 10. Qe2 c5 11. Rad1 Qc7 12. e4 dxc4 13. Nxc4 b5 14. Nce5 a6 15.
Bb1 Nxe5 16. Nxe5 Rad8 17. Ng4 Nxg4 18. Qxg4 Bf6 19. e5 Be7 20. Rfe1 g6 21. h4
h5 22. Qg3 Kg7 23. dxc5 Qxc5 24. Bc1 Rxd1 25. Rxd1 Rd8 26. Rf1 Qb4 27. Bg5 Rd4
28. a3 Qxa3 29. Bf6+ Kg8 30. Qg5 Rg4 31. Bxe7 Rxg5 32. Bxa3 Rxg2+ 33. Kh1 Rxf2+
34. Kg1 Rg2+ 35. Kh1 Ra2+ 36. Kg1 Rxa3 0-1

[Event "22nd ch-EUR Indiv 2022"]
[Site "Terme Catez SLO"]
[Date "2022.03.27"]
[Round "1.44"]
[White "Indjic, Aleksandar"]
[Black "Stremavicius, Pijus"]
[Result "1-0"]
[WhiteTitle "GM"]
[BlackTitle "FM"]
[WhiteElo "2605"]
[BlackElo "2320"]
[WhiteFideId "911925"]
[BlackFideId "12812730"]
[EventDate "2022.03.27"]

1. d4 d5 2. c4 e6 3. Nf3 Nf6 4. Bg5 dxc4 5. Qa4+ Nbd7 6. e4 a6 7. Bxc4 Rb8 8.
Qc2 b5 9. Bd3 c5 10. Nbd2 Bb7 11. d5 c4 12. Be2 exd5 13. e5 h6 14. Bh4 g5 15.
Bg3 Ne4 16. Nxe4 dxe4 17. O-O-O Bg7 18. Nd4 Bxe5 19. Nf5 Qf6 20. Nd6+ Kf8 21.
Bh5 Nc5 22. Nxf7 Bf4+ 23. Kb1 Rh7 24. Rd6 Qe7 25. Qc3 e3 26. f3 Ne6 27. Rhd1 Kg8
28. Bxf4 gxf4 29. Rd7 e2 30. R1d6 Qh4 31. Rxe6 Be4+ 32. Rxe4 Qxh5 33. Ne5 Re8
34. Rxh7 Kxh7 35. Rxe2 1-0